| 000 | 01486nam a22002177a 4500 | ||
|---|---|---|---|
| 005 | 20140828095031.0 | ||
| 008 | 140825|2009 xxu||||| |||| 00| 0 ck spa d | ||
| 041 | _aspa | ||
| 044 | _ack | ||
| 082 |
_a333.32 _bA26c |
||
| 110 |
_aColombia _bAgencia Presidencial para la Acción Social y la Cooperación Internacional-Acción Social _926088 |
||
| 245 |
_aConsideraciones para la formalización de la tenencia de Bienes Inmuebles en Zonas de Reserva Forestal Ley 2/59 / _cAgencia Presidencial para la Acción Social y la Cooperación Internacional-Acción Social |
||
| 260 |
_aBogotá, Colombia _bAgencia Presidencial para la Acción Social y la Cooperación Internacional-Acción Social _bProyecto Protección de Tierras y Patrimonio de la Población Desplazada _bMinisterio de Ambiente, Vivienda y Desarrollo Territorial _bThe World Bank _bAsdi _bLa Agencia de la ONU para los Refugiados-UNHCR-ACNUR _bEmbajada de España en Colombia _bOficina Técnica de Cooperación-aecid _bUSAID Del Pueblo de los Estados Unidos de América _bIOM-OIM _bCorporación Opción Legal _c2009 |
||
| 300 |
_a92 p. _bFot., mapas, tablas. _c28 cm. |
||
| 490 |
_aDocumentos de Trabajo _v2 |
||
| 650 | 4 |
_aReservas forestales _xLegislación _zColombia _926089 |
|
| 650 | 4 |
_aTenencia de la tierra _xLegislación _zColombia . _926090 |
|
| 650 | 4 |
_aDesplazamiento forzado _zColombia _926091 |
|
| 710 |
_aColombia _bProyecto Protección de Tierras y Patrimonio de la Población Desplazada _926092 |
||
| 942 |
_2ddc _cLIBRO |
||
| 999 |
_c8623 _d8623 |
||